000
00213nam a22000977a 4500
003
SGT
245
_a
JOURNAL OF SOFTWARE ENGINEERING & TECHNOLOGY (JAN- DECEMBER)
260
_c
2014
300
_a
146
942
_2
ddc
_c
BV
999
_c
20375
_d
20375